Satisfacción usuaria en la atención de público de la Tesorería Regional de la Serena

Bibliographic Details
Main Author: Olivares Fernández, Fernando Antonio
Other Authors: Silva Caris, Sebastián (profesor guía)
Format: Tesis
Language:Spanish
Published: Santiago, Chile : Universidad Academia de Humanismo Cristiano 2012.
Subjects:

MARC

LEADER 00000nmm a22000007a 4500
001 044292
003 UAHC_CL
005 20221202123846.0
008 110530s2011 cl 000 spa
040 |a UAHC_CL  |c UAHC_CL  |d UAHC_CL 
100 1 |a Olivares Fernández, Fernando Antonio 
245 1 0 |a Satisfacción usuaria en la atención de público de la Tesorería Regional de la Serena   |c Fernando Olivares, profesor guía Sebastián Silva. 
260 |b Universidad Academia de Humanismo Cristiano  |c 2012.  |a Santiago, Chile : 
300 |a 66 páginas. 
500 |a Tesis para optar al título de Ingeniero/a de Ejecución en Gestión Pública. 
502 |a Tesis (Ingeniería de Ejecución en Gestión Pública) -- Universidad Academia de Humanismo Cristiano, 2012. 
516 |a Tesis electrónica (PDF). Solicitar envío de documento a biblioteca@academia.cl 
650 4 |a Satisfacción del usuario 
700 1 |a Silva Caris, Sebastián  |e profesor guía 
900 |a TIEGPU 467 
942 |c TS  |2 ddc 
952 |0 0  |1 0  |2 ddc  |4 0  |6 TIEGPU_467_000000000000000  |7 0  |8 COMP  |9 81945  |a BC  |b BC  |c Digital  |d 2017-08-03  |o TIEGPU 467  |r 2019-01-03 00:00:00  |w 2017-08-03  |y TS  |z Documento en PDF  |B IEGP 
999 |c 44292  |d 44292